000
00332nam a2200145Ia 4500
008
191201s2011 xx 000 0 und d
082
_a
005.133
_b
SCJ
100
_a
SCHILDT,Herbert
245
0
_a
Complete Reference JAVA 2
250
_a
5th
260
_a
N.Delhi
_b
TMH
_c
2011
300
_a
1154
650
_a
MCA
942
_2
ddc
_c
BK
_0
2
999
_c
5124
_d
5124